Responses for Show #7660 - Friday, December 22, 2017

Contestants

[<< previous game]

Zach Heinen, an analyst from Burnsville, Minnesota

Donna Brown, a customer service representative from Seattle, Washington

Johnny Leon, a political media analyst from Washington, D.C. (whose 1-day cash winnings total $11,100)

[next game >>]

Jeopardy! Round responses

IDIOMS AROUND THE WORLD
AIRPORT CODES
A DECADE IN THE 20th CENTURY
(Alex: You tell us which one.)
(Alex: Hey!...)
IT'S A LIVING
WEIGHTS & MEASURES
TV SHOWS THAT WENT FROM B&W TO COLOR
    $200 8
mustard

Zach
    $200 6
Nevada

Johnny
    $200 1
the '60s

Johnny
    $200 17
janitors

Zach
    $200 18
Kelvin

Johnny
    $200 9
Superman

Zach
    $400 20
your wife

Donna
    $400 3
(Donna: What is Cape Cod?)
(Johnny: What is Martha's Vineyard?)

Nantucket

JohnnyDonna
Triple Stumper
    $400 2
the '70s

Donna
    $400 25
a karat

Donna
    $400 19
a pace

Donna
    $400 10
Bewitched

Zach
    $600 21
(Alex: Your hair or your eyebrows [*]).
(Donna: Oh! Good thing I didn't say anything.)

on fire

Triple Stumper
    $600 4
O'Hare

Johnny
    $600 14
the '30s

Johnny
    $600 26
(Johnny: What is [**]?)
(Alex: Yeah, we'll accept that.)
(Johnny: [*]s?)
(Alex: Yep, we'll accept that.)

crime scene investigator ("crime scene investigation" accepted)

Johnny
    $600 22
radians

Zach
    $600 11
The Beverly Hillbillies

Johnny
    $800 29
clogs

Johnny
    $800 5
Namibia

Johnny
    $2,000 15
the 1940s

Johnny
    $800 27
Surveyor

Johnny
    $800 23
(Johnny: What are grams?)

milligrams

JohnnyZach
    $800 12
Mayberry

Donna
    $1000 30
you're pulling my leg

Zach
    $1000 7
Rome

Donna
    $1000 16
the 1950s

Johnny
    $1000 28
marine biologist

Donna
    $1000 24
a nautical mile

Donna
    $1000 13
Dragnet

Johnny

Scores at the first commercial break (after clue 15):

Johnny Donna Zach
$5,600 $1,800 $800

Scores at the end of the Jeopardy! Round:

Johnny Donna Zach
$8,200 $5,000 $3,400

Double Jeopardy! Round responses

(Alex: Hey!...)
I KNOW THAT PERFORMER'S FACE
A MIGHTY LONG-NAMED RIVER
MIDDLE "P"
(Alex: The letter P will be exactly in the center of each correct response.)
SCULPTURE
FEARLESS GIRL
CHARGING BULL
    $400 1
The Green Mile

Johnny
    $400 19
Mississippi

Johnny
    $400 7
transparent

Donna
    $400 6
the Buddha

Zach
    $400 22
a knight

Donna
    $400 13
aleph

Donna
    $800 2
American Pie

Johnny
    $800 20
whitewater rafting

Zach
    $800 8
soapbox

Johnny
    $800 12
(Donna: What is the ADA?)
(Alex: What is the AMA, the [*].)

American Medical Association

Donna
Triple Stumper
    $800 23
(Zach: Who is Nancy Drew?)

Harriet the Spy

DonnaZach
    $800 14
Taurus

Johnny
    $1200 3
Ant-Man

Johnny
    $1200 21
(Johnny: What is Allegheny?)

Monongahela

Johnny
Triple Stumper
    $1200 9
blasphemy

Johnny
    $1200 18
bronze

Johnny
    $1200 24
Joan of Arc

Triple Stumper
    $1200 15
the Rodeo Hall of Fame

Donna
    $1600 4
Talladega Nights

Johnny
    $1600 29
(Donna: I'll try. Um, what is Paradise Lost?)
(Zach: What is [*]?)
(Alex: Dante's [*]. Yes.)
[The end-of-round signal sounds.]

the Inferno

DonnaZach
    $1600 10
(Donna: What is respirate? [*]?)
(Alex: [*] is correct.)
(Donna: Oh! Okay, cool!)

respire

Donna
    $1600 27
Daphne

Triple Stumper
    $11,400 25
(Donna: Oh my gosh. Okay.)
(Alex: Now you have the lead at $22,800, are we looking at another True Daily Double?)
(Donna: Uh, no. I'll do $11,400.)
...
(Donna: Who is [*]?)
(Alex: Yes!)
(Donna: Oh, wow! Cool! Nice!)
(Alex: Donna, are you having a good time?)
(Donna: I would like to think so.)

Isabel Allende

Donna
    $9,800 16
(Donna: Wow. Okay, well, um, let's make it a True Daily Double.)
(Alex: Oh, hello. All right. For $19,600 and the lead--)
(Donna: Oh, snaps.)
(Alex: Here is your clue.)

Pamplona

Donna
    $2000 5
Tombstone

Donna
    $2000 11
compote

Johnny
    $2000 28
Henry Moore

Triple Stumper
    $2000 26
Little Rock

Triple Stumper
    $2000 17
Shiva

Donna

Scores at the end of the Double Jeopardy! Round:

Johnny Donna Zach
$17,400 $32,600 $5,400

[wagering suggestions for these scores]

Final Jeopardy! Round responses

RECORD LABELS
(Alex: Did you risk a lot?)
(Donna: Maybe.)
(Alex: $45,600, Donna, you are going to enjoy the weekend, I know. Come back and play with us again on Christmas, won't you? Wow. That's the record for this season, so far, for 1 day. We'll see you on Monday.)
[ERRATUM: Alex's statement was incorrect. Austin Rogers won $69,000 and $65,600 on 2017-10-03 and 2017-10-02 respectively.]
ZachWhat is Columbia?
$0
JohnnyWhat is Kingston
$17,300
DonnaWhat is Island Records?
$13,000
Island Records

Final scores:

Johnny Donna Zach
$100 $45,600 $5,400
3rd place: $1,000 New champion: $45,600 2nd place: $2,000

Game dynamics:

Coryat scores:

Johnny Donna Zach
$16,200 $14,600 $5,400
23 R
(including 1 DD),
3 W
18 R
(including 2 DDs),
3 W
10 R,
1 W

Combined Coryat: $36,200

[game clues] [game scores] [suggest correction]

Game tape date: 2017-09-05
The J! Archive is created by fans, for fans. Scraping, republication, monetization, and malicious use prohibited; this site may use cookies and collect identifying information. See terms. The Jeopardy! game show and all elements thereof, including but not limited to copyright and trademark thereto, are the property of Jeopardy Productions, Inc. and are protected under law. This website is not affiliated with, sponsored by, or operated by Jeopardy Productions, Inc. Join the discussion at JBoard.tv.